000 00552nam a2200193Ia 4500
008 151121s9999||||xx |||||||||||||| ||und||
082 _a920/फाटे
082 _bHNW-58921
100 _aफाटे शा। वि।
245 _aभटकंती
260 _b"किरण प्रकाशन, पुणे।"
260 _c--
300 _a67
600 _aफाटे शा। वि।
630 _aभटकंती
700 _aफाटे शा। वि।
730 _aभटकंती
942 _cBOOK
999 _c1240706
_d1240703